Lila gogoi rachanavali tritiya khanda (Record no. 451272)

MARC details
000 -LEADER
fixed length control field 00565nam a2200229Ia 4500
003 - CONTROL NUMBER IDENTIFIER
control field OSt
005 - DATE AND TIME OF LATEST TRANSACTION
control field 20220924142609.0
008 - FIXED-LENGTH DATA ELEMENTS--GENERAL INFORMATION
fixed length control field ASM
037 ## - SOURCE OF ACQUISITION
Terms of availability Textual
040 ## - CATALOGING SOURCE
Original cataloging agency ARTS
Transcribing agency ARTS
Language of cataloging ASM
041 ## - LANGUAGE CODE
Source of code ASM
Language code of text/sound track or separate title ASM
100 ## - MAIN ENTRY--PERSONAL NAME
Personal name Gogoi Lila
9 (RLIN) 213704
245 #0 - TITLE STATEMENT
Title Lila gogoi rachanavali tritiya khanda
260 ## - PUBLICATION, DISTRIBUTION, ETC.
Date of publication, distribution, etc. 1994
650 ## - SUBJECT ADDED ENTRY--TOPICAL TERM
Topical term or geographic name entry element ASSAMESE LITERATURE
9 (RLIN) 11738
942 ## - ADDED ENTRY ELEMENTS (KOHA)
Classification part O158,8N28x, N4.3
Koha item type Textual
Source of classification or shelving scheme Colon Classification (CC)
Holdings
Withdrawn status Lost status Damaged status Not for loan Home library Current library Date acquired Total Checkouts Full call number Barcode Date last seen Price effective from Koha item type
        Arts Library Arts Library 2022-09-24   O158,8N28x N4.3 AL1130536 2022-09-24 2022-09-24 Textual
Copyright @ Delhi University Library System